《高阻牛叉》歌词填空 - Statistics

General Stats
  • This quiz has been taken 35 times
  • The average score is 8 of 11
Answer Stats
歌词 填空 % Correct
______的线路 二百五
97%
只用____爬 两百
97%
只敢____码 三百
84%
________,________,________ 高阻牛叉
84%
______的线路 超一流
71%
汇成一句话:________ 高阻牛叉
71%
____________,写满一句话 阉割后的高铁
68%
高阻牛叉,____________ 降标遍地开花
55%
高阻牛叉,____________ 安全冗余很大
52%
高阻牛叉,______的线路车底______的思维 二百五
52%
高阻牛叉,____________ 从不添乘检查
48%
No matching quizzes found
Score Distribution
Percent of People with Each Score
Percentile by Number Answered
Your Score History
You have not taken this quiz